000 00973cam a22002411 4500
001 sg 45000069
003 DLC
005 20260227112745.0
008 820128s1944 xx a 000 0 eng
010 _asg 45000069
035 _a(OCoLC)14736686
040 _aDLC
_cDNLM
_dDLC
042 _apremarc
050 0 0 _aRF290
_b.M78 1944
060 0 _aWV 276
_bM963p 1944
100 1 _aMuncie, Curtis H.
_q(Curtis Hamilton),
_d1887-
245 1 0 _aPrevention and cure of deafness through Muncie reconstruction method,
_cby Dr. Curtis H. Muncie; outlining constructive finger surgery, reconstruction of the Eustachian tube, reconstruction of the nares, reconstruction of the tonsils.
250 _a7th rev. ed.
260 _aNew York city,
_bThe Muncie institute for hearing,
_cc1944.
300 _a75 p. 6 pl.
_bill.
504 _a"Technical writings by the author": p. 67-69. "Lay publications and biographies": p. 70.
710 2 _aMuncie institute for hearing, New York.
999 _c90546
_d90546